Responses for Show #569 - Thursday, February 12, 1987

Contestants

[<< previous game]

Bob White, a teacher from Cleveland Heights, Ohio

Virginia Sielen, a homemaker from Oakton, Virginia

Keith Chun, an actuary from Parsippany, New Jersey (whose 1-day cash winnings total $12,801)

[next game >>]

Jeopardy! Round responses

U.S. GEOGRAPHY
BRITISH SUCCESSION
MOVIES
PERFUME
ZEBRAS
"SOUR"
    $100 17
Philadelphia

Bob
    $100 22
George II

Virginia
    $100 7
Groucho Marx

Bob
    $100 16
Sophia

Keith
    $100 1
Africa

Keith
    $100 3
sourdough

Bob
    $200 18
Salt River

Bob
    $200 23
George VI

Triple Stumper
    $200 8
Steve McQueen

Keith
    $200 2
The Jeffersons

Virginia
    $200 5
sour grapes

Virginia
    $300 19
(Keith: What is San Francisco?)

San Diego

KeithVirginia
    $300 24
(Alex: This is almost like a Stupid Answers category.)
[Laughter]

Henry V

Virginia
    $300 13
Jaws

Bob
    $300 4
pedestrians

Virginia
    $300 6
sourpuss

Bob
    $500 20
Hawaii

Virginia
    $400 25
[Laughter]

Henry VII

Bob
    $400 14
Legal Eagles

Bob
    $400 9
football

Bob
    $400 11
sour mash

Keith
    $500 21
(Alex: [before he reads the clue] With a minute to go.)

Oregon

Virginia
    $500 26
[The end-of-round signal sounds.]

James I

Virginia
    $500 15
Doc Holliday

Bob
    $500 10
reactionary

Virginia
    $500 12
sour balls

Bob

Scores at the first commercial break (after clue 10):

Keith Virginia Bob
$300 $1,200 $900

Scores at the end of the Jeopardy! Round:

Keith Virginia Bob
$500 $3,400 $3,300

Double Jeopardy! Round responses

BUSINESS & INDUSTRY
WOMEN'S GYMNASTICS
W W II
TV TRIVIA
LANGUAGES
"SWEET"
    $200 21
Holiday Inn

Virginia
    $200 7
uneven parallel bars

Virginia
    $200 17
(Bob: What is France?)
(Alex: The other rule was "never invade China".)

Russia

VirginiaBob
    $200 5
"Bones"

Keith
    $200 8
Vatican City

Bob
    $200 1
sweet spot

Virginia
    $400 22
the movie industry

Virginia
    $400 18
Romania

Keith
    $400 23
tank

Keith
    $400 13
Orson

Keith
    $400 9
French

Virginia
    $400 2
(Bob: What is the sweet pea?)

sweet potatoes

VirginiaBob
    $600 19
14

Keith
    $600 25
Eisenhower

Keith
    $600 14
Bad Attitude

Triple Stumper
    $600 10
[The song heard is "Wooden Heart".]

German

Virginia
    $600 3
Sweet Bird of Youth

Bob
    $800 20
(Alex: And we've got a minute to go.)

Olga Korbut

Virginia
    $800 26
FDR

Bob
    $800 15
the Easter beagle

Keith
    $800 11
Spanish

Triple Stumper
    $800 4
(Bob: What is "so sweet the sound?")

Amazing grace! how sweet the sound

Bob
Triple Stumper
    $1000 24
[ERRATUM: "competition" is misspelled.]

the vault

Triple Stumper
    $1000 27
[The end-of-round signal sounds.]

island of Guadalcanal

Triple Stumper
    $1,000 16
(Keith: Oh, boy. How about [*]...)
(Alex: Mm-hm.)
(Keith: ...[**]...)
(Alex: Mm-hm.)
(Keith: ...Billy, and Steve?)

J.R., Bobby, Ray, and Gary

Keith
    $1000 12
In the beginning, God created the heaven and the earth

Virginia
    $1000 6
"Sweet Alice"

Triple Stumper

Scores at the end of the Double Jeopardy! Round:

Keith Virginia Bob
$2,900 $7,800 $3,500
(lock game)

[wagering suggestions for these scores]

Final Jeopardy! Round responses

MYTHOLOGY
KeithWho is Athena?
$2,900
BobWho is Pandora?
$2,000
VirginiaWho is Pandora?
$799
Pandora

Final scores:

Keith Virginia Bob
$0 $8,599 $5,500
3rd place: Maytag washer & dryer New champion: $8,599 2nd place: trip to Lucayan Beach Resort in the Bahamas + flight from Eastern Airlines

Game dynamics:

Coryat scores:

Keith Virginia Bob
$3,900 $7,700 $3,500
11 R,
2 W
(including 1 DD)
20 R
(including 2 DDs),
0 W
14 R,
3 W

Combined Coryat: $15,100

[game clues] [game scores] [suggest correction]

Game tape date: 1986-11-11
The J! Archive is created by fans, for fans. Scraping, republication, monetization, and malicious use prohibited; this site may use cookies and collect identifying information. See terms. The Jeopardy! game show and all elements thereof, including but not limited to copyright and trademark thereto, are the property of Jeopardy Productions, Inc. and are protected under law. This website is not affiliated with, sponsored by, or operated by Jeopardy Productions, Inc. Join the discussion at JBoard.tv.